| 000 | 00634nam a2200205Ia 4500 | ||
|---|---|---|---|
| 003 | IN-BaIIA | ||
| 008 | 211028s9999 xx 000 0 eng d | ||
| 020 | _a0-88318-162-2 | ||
| 040 | _cIIA Library | ||
| 080 |
_a524.352 _bSUP |
||
| 245 | 0 |
_aSupernovae spectra _cedited by Roland Meyerott and George H. Gillespie. |
|
| 260 |
_aNew York _bAmerican Institute of Physics _c1980 |
||
| 300 | _avii, 173p. | ||
| 650 | _aAstronomy and astrophysics thesaurus | ||
| 650 |
_aSpectra - supernovae _911785 |
||
| 650 |
_aSupernovae _91357 |
||
| 700 |
_aGillespie, George H., ed. _911786 |
||
| 700 |
_aMeyerott, Roland., ed. _911787 |
||
| 942 | _cBK | ||
| 999 |
_c6879 _d6879 |
||